000 01083nab a2200301 uc4500
001 697698
005 20240907091816.0
008 011006e19991005 eng
035 _a697698
035 _a(OCoLC)819918684
040 _ccomduadb
041 _aeng
100 1 0 _aMenacere, Karim
_4aut
_eaut
_9346916
245 1 0 _aLinguistic acobatics : translating a web a cultural connections
650 7 _aLenguaje y cultura
_2lemb
_9106396
650 _aTranslation process
_985362
650 _aProceso de traducción
_985363
650 7 _aLingüística
_2lemb
_96919
650 _aLinguistics
_979547
650 _aFilms
_981646
650 _aTitles (television programs)
_992702
650 _aTitulos (Programas de television)
_992703
650 _aPelículas cinematográficas
_935518
650 7 _aLenguaje y cultura
_2lemb
_9106396
650 7 _aTraducción e interpretación
_2lemb
_940434
773 0 _tBabel : Revue Internationale de la Traduction (Holanda)
_gVolumen 45, Número 04, Octubre-Diciembre 1999, p. 345-354
_w683747
_x0521-9744
_0204821
942 _cARIMP
999 _c218515
_d218515